Normal view
MARC view
- لغة البيسك. -الحاسبات الالكترونية-برامج
Entry Topical Term
001 - CONTROL NUMBER
- control field: 18511
003 - CONTROL NUMBER IDENTIFIER
- control field: JO-AjAnu
005 - DATE AND TIME OF LATEST TRANSACTION
- control field: 20230606073241.0
008 - FIXED-LENGTH DATA ELEMENTS
- fixed length control field: 230606|| aca||aabn | a|a d
040 ## - CATALOGING SOURCE
- Original cataloging agency: JO-AjAnu
- Transcribing agency: JO-AjAnu
150 ## - HEADING--TOPICAL TERM
- Topical term or geographic name entry element: لغة البيسك. -الحاسبات الالكترونية-برامج
670 ## - SOURCE DATA FOUND
- Source citation: Work cat.: (JO-AjAnu)9501: كبة ، سميرة عبدحسن , author 18510, لغة بيسك لبرمجة الحاسبات الدقيقة